Statistics for History of Pakistan

Click here to take the quiz!

General Stats

  • This quiz has been taken 12 times
  • The average score is 4 of 15

Answer Stats

EraAnswer% Correct
ModernBritish Raj
78%
Pre-ClassicalGreece
56%
Pre-ClassicalPersia
56%
ModernMughal
44%
BronzeIndus Valley
33%
ModernSikh Empire
33%
MedievalCaliphate
22%
MedievalDelhi
22%
MedievalGhaznavid
22%
MedievalGhur
11%
ClassicalHuns
11%
ClassicalKushan
11%
Pre-ClassicalMauryan
11%
MedievalSindh
11%
ModernSur
11%

Score Distribution

Percentile by Number Answered

Percent of People with Each Score

Your Score History

You have not taken this quiz